000 00884nam a22002297a 4500
003 OSt
005 20250826110300.0
008 250826b |||||||| |||| 00| 0 eng d
037 _cDissertation
040 _aFEDL
_beng
_cFEDL
041 _aeng
_heng
082 _a378.54 CHA/DI
100 _aChaurasia, Preeti
_9818866
110 _aUniversity of Delhi. Department of Education
_9818316
245 _aRole of higher education in shaping social mobility:
_bAn exploratory study of the impact of university education on graduate students intellectual and social growth in the context of nep 2020/
_cby Preeti Chaurasia; Gaurav Rao. Supervisor
260 _bUniversity of Delhi
_c2025
300 _a58p.
650 _aHIGHER EDUCATION
700 _aRao, Gaurav. Supervisor
_9818867
942 _2ddc
_cDIS
_h378.54 CHA/DI
_n0
999 _c1434884
_d1434884